Изыскание путей использования лигнина в промышленности высокомолекулярных соединений: Отчет о НИР; Тема: № 2

Détails bibliographiques
Collectivité auteur: Томский политехнический институт (ТПИ) (595)
Langue:russe
Publié: Томск, 1962
Sujets:
Format: Livre
KOHA link:https://koha.lib.tpu.ru/cgi-bin/koha/opac-detail.pl?biblionumber=178095

MARC

LEADER 00000nbm0a2200000 4500
001 178095
005 20231101223401.0
035 |a (RuTPU)RU\TPU\book\193082 
090 |a 178095 
100 |a 20100402d1962 k y0rusy50 ca 
101 0 |a rus 
102 |a RU 
105 |a a p 001zy 
200 1 |a Изыскание путей использования лигнина в промышленности высокомолекулярных соединений  |e Отчет о НИР  |e Тема: № 2  |f Томский политехнический институт (ТПИ) 
210 |a Томск  |d 1962 
215 |a 68 л. 
320 |a Библиогр.: с. 68. 
606 1 |a Лигнин  |x Использование  |2 stltpush  |3 (RuTPU)RU\TPU\subj\34440  |9 56387 
610 1 |a отчеты о НИР 
610 1 |a лигнины 
610 1 |a промышленность 
610 1 |a высокомолекулярные соединения 
610 1 |a химическая технология 
610 1 |a химическое машиностроение 
610 1 |a труды учёных ТПУ 
675 |a 665.94  |v 3 
712 0 2 |a Томский политехнический институт (ТПИ)  |c (1944-1991)  |2 stltpush  |3 (RuTPU)RU\TPU\col\1123  |4 595 
801 1 |a RU  |b 63413507  |c 20100402 
801 2 |a RU  |b 63413507  |c 20190125  |g RCR 
942 |c BK